Catálogo

PUEBLA MESTIZA (Registro nro. 57285)

Detalles MARC
000 -LEADER
fixed length control field 00928nam a2200205 a 4500
001 - CONTROL NUMBER
control field 57285
005 - DATE AND TIME OF LATEST TRANSACTION
control field 20180714053420.0
008 - FIXED-LENGTH DATA ELEMENTS--GENERAL INFORMATION
fixed length control field 140415s1983 mx 000 0 spa d
041 ## - LANGUAGE CODE
Language code of text/sound track or separate title spa
082 ## - DEWEY DECIMAL CLASSIFICATION NUMBER
Classification number 306.84609725
Item number MAR
100 1# - MAIN ENTRY--PERSONAL NAME
Personal name MARQUEZ RODILES, IGNACIO
245 10 - TITLE STATEMENT
Title PUEBLA MESTIZA
250 ## - EDITION STATEMENT
Edition statement 1a ed.
260 ## - PUBLICATION, DISTRIBUTION, ETC.
Place of publication, distribution, etc. MEXICO :
Name of publisher, distributor, etc. UNIVERSIDAD DE LAS AMERICAS-PUEBLA,
Date of publication, distribution, etc. 1983
300 ## - PHYSICAL DESCRIPTION
Extent 104
Dimensions 21.6 x 0.7 x 28
490 ## - SERIES STATEMENT
Series statement COL.PUEBLA
500 ## - GENERAL NOTE
General note COLECCIÓN PUEBLA
520 ## - SUMMARY, ETC.
Summary, etc. CHOQUE Y FUSION DE DOS MUNDOS. EL PROBLEMA RACIAL EN LA NUEVA ESPAÑA. BLANCOS, INDIOS Y MESTIZOS. DISCRIMINACION DE LA MUJER Y DEL NIÑO. LAS DESIGUALDADES SOCIALES EN EL REGIMEN COLONIAL. ESTRUCTURA ECONOMICA, POLICA Y CULTURAL. FORMAS DEL PROCESO DE LA TRANSCULTURACION. LAS CASTAS. EL PROBLEMA HISTORICO DE LA IDENTIDAD. ARISBOS DE LA NACIONALIDAD Y EL FOLKLORE.
650 14 - SUBJECT ADDED ENTRY--TOPICAL TERM
Topical term or geographic name entry element MESTIZAJE
General subdivision MESTIZAJE
-- PUEBLA HISTORIA
Existencias
Withdrawn status Lost status Source of classification or shelving scheme Damaged status Not for loan Collection code Home library Current library Shelving location Date acquired Source of acquisition Inventory number Total Checkouts Full call number Barcode Date last seen Price effective from Koha item type
    Dewey Decimal Classification   Consulta en sala Puebla Biblioteca Karol Wojtyla Biblioteca Karol Wojtyla Área de silencio 03/12/2013 Compra 151000000000000000061929   306.846097248 MAR 1983 86605 05/01/2026 13/08/2015 Libro